000 00439nam a2200193Ia 4500
005 20250423094317.0
008 250422s9999 xx 000 0 und d
020 _a978-0-13-609342-8
050 _aHF 5635 . H8/
100 _aCharles T. Horngren
245 0 _aAccounting
250 _a8th ed.
260 _aNew jersey
260 _bPearson Education
260 _c2009
300 _a1245 p
650 _aAccounting
942 _cBK
999 _c26874
_d26874